LEADER 01162nam a2200265 4500 001 000000362269 003 CaOOAMICUS 005 20250324134702.0 008 250324s2005 it 000 u ita r 020 $a88-348-5512-4 040 $aSeMil$bita 100 1 $aSaraceni, Guido,$d<1974- >.$0(OLS)http://semarc/name/121766 245 13$aIl profeta e la legge :$briflessioni bergoniane di filosofia per il diritto /$cGuido Saraceni. 264 1$aTorino :$bGiappichelli,$c2005. 300 $a122 p. ;$c23 cm 490 1 $aRecta ratio. 5. serie ;$v4 600 14$aBergson, Henri <1859-1941>.$0(OLS)http://semarc/subject/5584 830 0$aRecta ratio. 5. serie ;$v4.$0(OLS)http://semarc/title/439002 850 $aSeMil 852 $aSeMil$W1$xVenegono$y1$m2G VI 21$j255427$B253190$CSeMilBibl$Z2$F253190 $81 961 $aBuzzi mons. Franco - Omaggio 996 $6020$a88-348-5512-4$9(OLS)http://semarc/number/302848 996 $6245$aIl profeta e la legge :$briflessioni bergoniane di filosofia per il diritto$9(OLS)http://semarc/title/453155 996 $6264$aTorino :$bGiappichelli$9(OLS)http://semarc/publisher/31793 LEADER 00881nam a2200241 i 4500 001 000000083126 003 CaOOAMICUS 005 20250729141316.0 008 180411s1966 it u000 u ita u 013 $a55366 040 $aSeMil$bita 100 1 $aVerga, Giovanni,$d<1840-1922>.$0(OLS)http://semarc/name/3542 245 10$aMastro-Don Gesualdo /$c[romanzo di Giovanni Verga]. 250 $aEdizione integrale. 260 $aMilano :$bMondadori,$c1966. 300 $a337 p. ;$c19 cm. 830 0$aOscar ;$v59.$0(OLS)http://semarc/title/8669 850 $aSeMil 852 $aSeMil$W1$xVenegono$y1$m1A II 166$j47809$B47809$CSeMilBibl$Z2$F50725 $81 961 $aRecupero: Seminario di Seveso 996 $6245$aMastro-Don Gesualdo$9(OLS)http://semarc/title/405417 996 $6260$aMilano :$bMondadori$9(OLS)http://semarc/publisher/30335